000 00603nam a22001817a 4500
005 20251108164333.0
008 250721s1965 xx 000 0 ara d
082 1 4 _a811.9/ناز
100 1 _aالملائكة، نازك
245 1 0 _aمحاضرات في شعر علي محمود طه /
264 1 _aالقاهرة :
_bجامعة الدول العربية - معهد الدراسات العربية العالية،
_c1965.
300 _a398ص
650 1 7 _aالشعر العربي
650 1 7 _aالنقد الأدبي
650 1 7 _aالعصر الحديث
942 _2ddc
_cBK
999 _c9690
_d9690